| 000 | 00694nam a22002177a 4500 | ||
|---|---|---|---|
| 003 | UA-OsUOA | ||
| 001 | 61824 | ||
| 007 | ta | ||
| 008 | 20090716b un ||||| |||| 00| 0 ukr d | ||
| 100 | _aИгумен Феогност (Пушков) | ||
| 090 |
_a2 _bИ28 |
||
| 942 | _cSA | ||
| 040 |
_aUA-OsUOA _brus _cUA-OsUOA _dUA-OsUOA |
||
| 245 | _a"Апостольское Предание" священномучеика Ипполита Римского: учение о священстве | ||
| 300 | _aС.103-125 | ||
| 955 | _a0 | ||
| 041 | _arus | ||
| 080 | _a2 | ||
| 773 | 0 |
_w61821 _tЦерьковь и время _dМ. _d2009 _g1 |
|
| 650 | 7 |
_a2 Релігія. Теологія. _2UDC |
|
| 999 |
_c347663 _d347663 |
||